[Event "XXVIII Voivoda Cup"]
[Site "Legnica POL"]
[Date "2012.11.28"]
[Round "9.4"]
[White "Simacek,P"]
[Black "Zawadzka,J"]
[Result "1/2-1/2"]
[WhiteElo "2486"]
[BlackElo "2389"]

1.c4 e6 2.Nf3 d5 3.e3 Nf6 4.b3 c6 5.Bb2 Bd6 6.Nc3 O-O 7.Qc2 e5 8.cxd5 cxd5
9.Nb5 Nc6 10.Nxd6 Qxd6 11.Rc1 Bg4 12.Qc5 Qe6 13.Qb5 Rab8 14.h3 a6 15.Qa4 Bxf3
16.gxf3 d4 17.Be2 Rfd8 18.Qc4 Qd7 19.Kf1 Nd5 20.f4 exf4 21.Bxd4 Nxd4 22.Qxd4 Qe6
23.Qb2 Nf6 24.Rc4 Ne4 25.Rd4 fxe3 26.dxe3 Rxd4 27.Qxd4 Qf5 28.Rh2 Ng3+ 29.Ke1 Qa5+
30.Qd2 Qxd2+ 31.Kxd2 Rd8+ 32.Ke1 Nxe2  1/2-1/2

[Event "Doroshkevicha Mem Open 2012"]
[Site "Sochi RUS"]
[Date "2012.11.30"]
[Round "5"]
[White "Poluljahov,A"]
[Black "Bogachkov,V"]
[Result "1-0"]
[WhiteElo "2511"]
[BlackElo "2082"]

1.c4 e6 2.Nf3 d5 3.d4 c6 4.Nc3 f5 5.Bf4 Nf6 6.e3 Be7 7.Bd3 Ne4 8.Qc2 Nd7
9.g4 Qa5 10.gxf5 exf5 11.cxd5 cxd5 12.Ke2 Nxc3+ 13.bxc3 Nf6 14.Bxf5 g6 15.Bd3 Bg4
16.Rhg1 Rc8 17.Rxg4 Rxc3 18.Qb1 Nxg4 19.Qxb7 O-O 20.Qxe7 Rxd3 21.Qe6+ Kh8
22.Qxg4 Qa6 23.Ke1 Qc6 24.Kf1 Qc2 25.Be5+ Kg8 26.Qe6+ Rf7 27.Qe8+ Rf8 28.Qe6+ Rf7
29.Qxd5 Rc3 30.Qd8+ Rf8 31.Qe7 Rf7 32.Qe8+ Rf8 33.Qe6+ Rf7 34.d5 Rxe3 35.Qe8+ Rf8
36.Qe6+ Rf7 37.fxe3 Qd3+ 38.Kg2 Qe2+ 39.Kg3 Qxe3 40.Rf1 g5 41.d6 h5 42.d7 h4+
43.Kh3 Kh7 44.Qxf7+  1-0

[Event "FSGM December 2012"]
[Site "Budapest HUN"]
[Date "2012.12.01"]
[Round "1.1"]
[White "Franco Alonso,A"]
[Black "Dastan,B"]
[Result "1/2-1/2"]
[WhiteElo "2480"]
[BlackElo "2370"]

1.c4 e6 2.Nf3 d5 3.g3 Nf6 4.Bg2 Be7 5.O-O O-O 6.d4 c5 7.cxd5 exd5 8.Nc3 Nc6
9.dxc5 Bxc5 10.Na4 Be7 11.Be3 Re8 12.Rc1 Bg4 13.Nd4 Ne5 14.Bf4 Ng6 15.Bd2 Qd7
16.Re1 Bh3 17.Bh1 Ne4 18.Nc3 Bf6 19.e3 Rad8 20.Nce2 h5 21.f3 Nd6 22.b3 h4
23.Bg2 Bxg2 24.Kxg2 Nf5 25.Nxf5 Qxf5 26.Qc2 Qxc2 27.Rxc2 Ne5 28.Kf1 Nc6 29.Rec1 hxg3
30.hxg3 d4 31.exd4 Nxd4 32.Nxd4 Bxd4  1/2-1/2

[Event "TCh-HUN 2012-13"]
[Site "Nagykanizsa HUN"]
[Date "2012.12.02"]
[Round "5"]
[White "Tompa,J"]
[Black "Berczes,D"]
[Result "0-1"]
[WhiteElo "2386"]
[BlackElo "2528"]

1.c4 e6 2.Nf3 d5 3.g3 Nf6 4.Bg2 Be7 5.O-O O-O 6.b3 c5 7.Bb2 Nc6 8.cxd5 exd5
9.d4 Bg4 10.Ne5 Bh5 11.dxc5 Bxc5 12.Nd3 Bd6 13.Nd2 Re8 14.Nf3 Bg6 15.Rc1 Qe7
16.Re1 Ne4 17.Nf4 Bxf4 18.gxf4 Rad8 19.e3 Bh5 20.Rc2 Qe6 21.a3 Qg6 22.Kf1 Qf5
23.Qa1 Bxf3 24.Bxf3 d4 25.Qc1 d3 26.Rd2 Rd6 27.Bg2 Rc8 28.f3 Nxd2+ 29.Qxd2 Ne7
30.e4 Qb5 31.Qb4 Qxb4 32.axb4 Rc2 33.Be5 Rg6 34.Bh3 Rh6 35.Bd7 Rhxh2 36.Kg1 Rhg2+
37.Kh1 d2  0-1

[Event "22nd TCh-SLO 2012"]
[Site "Slovenia SLO"]
[Date "2012.12.02"]
[Round "6"]
[White "Zorko,Ju"]
[Black "Dizdar,G"]
[Result "0-1"]
[WhiteElo "2476"]
[BlackElo "2499"]

1.c4 e6 2.Nf3 d5 3.b3 Nf6 4.g3 Be7 5.Bg2 O-O 6.Bb2 b6 7.O-O Bb7 8.cxd5 Nxd5
9.d4 Nf6 10.Nc3 Nbd7 11.Qd3 c5 12.Rfd1 Qc7 13.Nb5 Qb8 14.Rac1 a6 15.Nc3 b5
16.Qe3 Rd8 17.a4 Bc6 18.axb5 axb5 19.dxc5 Bxc5 20.Qf4 Qb6 21.e3 Qb7 22.Ne1 Bxg2
23.Nxg2 Be7 24.b4 e5 25.Qh4 Nb6 26.Rxd8+ Rxd8 27.Rd1 Rxd1+ 28.Nxd1 Qf3 29.Nc3 Ng4  0-1

[Event "Polonia Wroclaw Cup GM"]
[Site "Wroclaw POL"]
[Date "2012.12.09"]
[Round "4"]
[White "Carlstedt,J"]
[Black "Kriebel,T"]
[Result "1/2-1/2"]
[WhiteElo "2356"]
[BlackElo "2361"]

1.c4 e6 2.Nf3 d5 3.b3 Nf6 4.Bb2 Bd6 5.g3 O-O 6.Bg2 c6 7.O-O Nbd7 8.d4 Ne4
9.Nbd2 f5 10.Qc2 Ndf6 11.Ne5 Bd7 12.f3 Nxd2 13.Qxd2 Be8 14.Bc3 Rc8 15.Rac1 b6
16.Rfd1 Qe7 17.Bb2 Nd7 18.Nd3 Bg6 19.Re1 Nf6 20.Ne5 Bh5 21.cxd5 cxd5 22.Rxc8 Rxc8
23.Rc1 Qb7 24.Kf2 Be8 25.Bf1 Bb5 26.a4 Ba6 27.Rxc8+ Qxc8 28.Qc3 Qxc3 29.Bxc3 Bxe5
30.dxe5 Nd7 31.b4 Bc4 32.e3 Bxf1 33.Kxf1 Kf7 34.Ke2 g5 35.Kd3 Kg6 36.Bd4 Kh5
37.b5 g4 38.f4 Kg6 39.Kc3 Kf7 40.a5 Ke7 41.a6 Kd8 42.Kc2 Kc7 43.Bc3 Nc5 44.Bb4 Ne4
45.Be1 Kd7 46.Kd3 h5 47.Kc2 Nc5 48.Bb4 Kc7 49.Bc3 Nd7 50.Bb4 Kc8 51.Ba3 Kd8
52.Bd6 Ke8 53.Kd3 Kd8 54.Kc2 Kc8 55.Ba3 Nc5 56.Bb4 Kc7 57.Bc3 Nxa6 58.bxa6 Kc6
59.Kb3 Kb5 60.Bd4 Kxa6 61.Kb4 Kb7 62.Kb5 a6+ 63.Kb4 Kc6 64.Ka4 Kb7 65.Kb4 Kc6
66.Ka4 Kb7  1/2-1/2

[Event "1st Korbach GM"]
[Site "Korbach GER"]
[Date "2012.12.10"]
[Round "1.5"]
[White "Andersen,Mad"]
[Black "Svane,R"]
[Result "0-1"]
[WhiteElo "2464"]
[BlackElo "2371"]

1.c4 e6 2.Nf3 d5 3.g3 Nf6 4.Bg2 Be7 5.O-O O-O 6.b3 c5 7.Bb2 Nc6 8.e3 b6 9.Nc3 Ba6
10.Qe2 Rc8 11.Rfd1 Qd7 12.Nb5 Rfd8 13.d4 cxd4 14.exd4 Qe8 15.Ne5 Bxb5 16.cxb5 Nxe5
17.dxe5 Nd7 18.Bf1 Qf8 19.a3 Nc5 20.Qf3 f5 21.b4 Ne4 22.Bd4 Rc7 23.Rac1 Rdc8
24.Rxc7 Rxc7 25.Qb3 Bg5 26.Qd3 Qc8 27.f3 Nc3 28.Ra1 Rc4 29.a4 Be7 30.Qe3 Bxb4
31.Bxc4 Qxc4 32.Kh1 Ne2 33.Bb2 d4 34.Qg5 Qb3 35.Rf1 Qxb2 36.Qd8+ Kf7 37.Qd7+ Be7
38.Qxa7 Nc3 39.Qxb6 Qe2 40.Kg1 Nd5  0-1

[Event "Amplico ch-EUR Blitz"]
[Site "Warsaw POL"]
[Date "2012.12.14"]
[Round "5.2"]
[White "Banusz,T"]
[Black "Sargissian,G"]
[Result "1/2-1/2"]
[WhiteElo "2580"]
[BlackElo "2666"]

1.c4 e6 2.Nf3 d5 3.g3 dxc4 4.Qa4+ Bd7 5.Qxc4 c5 6.Bg2 Bc6 7.O-O Nf6 8.b3 Nbd7
9.Bb2 Be7 10.d3 O-O 11.Qc2 Rc8 12.Nbd2 Nd5 13.a3 b6 14.Nc4 Bb7 15.Rac1 b5
16.Nce5 Nxe5 17.Nxe5 Bf6 18.Qb1 Qc7 19.Qa1 Qe7 20.Rc2 Rc7 21.Rfc1 Rfc8 22.h4 h6
23.h5 a6 24.Bf3 Nb6 25.Bxb7 Rxb7 26.Nf3 Bxb2 27.Qxb2 Rbc7 28.Qe5 Nd7 29.Qf4 Nf6
30.Qe5 Nd7 31.Qf4 Nf6 32.Qh4 Qd6 33.Kg2 Qd5 34.b4 c4 35.Kg1 Rc6 36.e4 Qxd3
37.Ne5 Qxe4 38.Qxe4 Nxe4 39.Nxc6 Rxc6 40.Kg2 Nf6 41.Rh1 Nd5 42.Kf3 c3 43.Ke2 a5
44.bxa5 Ra6 45.Rb1 Rxa5 46.Rb3 Kf8 47.Kd3 Ke7 48.Rc1 Kd6 49.Kc2 Kc5 50.Rcb1 Kc4
51.Re1 Kc5 52.Reb1 Kc4 53.Re1 b4 54.Re4+ Kb5 55.Rexb4+ Nxb4+ 56.Rxb4+ Ka6
57.a4 Rxh5 58.Kxc3 Rf5 59.f4 g5 60.Kd3 gxf4 61.gxf4 h5 62.Ke4 h4 63.Rb3 Rh5
64.Rh3 Ka5 65.Kf3 f5 66.Kg2 Kxa4 67.Re3 Rh6 68.Kh3 Kb4 69.Re5 Kc4 70.Re1 Kd5
71.Re5+ Kd6 72.Ra5 Rg6 73.Ra6+ Ke7 74.Ra7+ Kf6 75.Ra4 Rg4 76.Rb4 Ke7 77.Rd4 Kf6
78.Ra4 Kf7 79.Rb4 Kg6 80.Rb6 Kf6 81.Rb4 Ke7 82.Rd4 Kf7 83.Ra4 Kf6 84.Rb4 Rg3+
85.Kxh4 Re3 86.Rb7 Rf3 87.Rb4 Ke7 88.Rd4 Ke8 89.Kg5 Ke7 90.Ra4 Rg3+ 91.Kh4 Rg4+
92.Kh3 Kd6 93.Ra6+ Kd5 94.Ra5+ Kc6 95.Ra6+ Kd7 96.Ra7+ Kd6 97.Ra6+ Ke7 98.Ra7+ Kf6
99.Ra4 Rg1 100.Rb4 Re1 101.Kg3 Re3+ 102.Kf2 Ra3 103.Rb7 Kg6 104.Rb6 Kf7 105.Rb7+ Kf6
106.Rb6 Ra4 107.Kf3 Re4 108.Ra6 Ke7 109.Ra7+ Kd6 110.Ra6+ Kc5 111.Ra5+ Kd4
112.Ra4+ Kd3 113.Ra3+ Kc2 114.Ra2+ Kb3 115.Ra6 Kc4 116.Ra4+ Kd5 117.Ra5+ Kd6
118.Ra6+ Ke7 119.Ra7+ Kf6 120.Ra6 Rb4 121.Rc6 Rb3+ 122.Kf2 Ke7 123.Ra6 Kd7
124.Ke2 Rc3 125.Kf2 Rc6 126.Ra7+ Kd6 127.Ke3 Rc3+ 128.Ke2 Kd5 129.Ra6 Rc6
130.Ra5+ Rc5 131.Ra6 Rc6 132.Ra5+ Kd4 133.Re5 Ra6 134.Kf3 Kd3 135.Re3+ Kd2
136.Re2+ Kd1 137.Re5 Rd6 138.Kf2 Rd2+ 139.Kf3 Rd6 140.Kf2 Kc2 141.Kf3 Kd3
142.Kg3 Kd4 143.Kh4 Rd8 144.Kg5 Rg8+ 145.Kf6 Rg4 146.Kxe6 Rxf4 147.Rxf5  1/2-1/2

[Event "XXII Elgoibar Masters"]
[Site "Elgoibar ESP"]
[Date "2012.12.15"]
[Round "7.4"]
[White "Mirzoev,A"]
[Black "Velten,P"]
[Result "1-0"]
[WhiteElo "2553"]
[BlackElo "2369"]

1.c4 e6 2.Nf3 d5 3.b3 Nf6 4.g3 dxc4 5.bxc4 e5 6.Nc3 e4 7.Ng5 Bc5 8.e3 Bf5
9.Qc2 Nc6 10.Ngxe4 Nxe4 11.Nxe4 Nd4 12.exd4 Qxd4 13.Bd3 Bxe4 14.Bxe4 Qxa1
15.O-O Qf6 16.Bxb7 Rb8 17.Bb2 Qh6 18.Re1+ Kf8 19.Qf5 Bxf2+ 20.Qxf2 Qb6 21.Ba3+ Kg8
22.Bd5 Qxf2+ 23.Kxf2  1-0

[Event "TCh-NED Meesterklasse 2012-13"]
[Site "Netherland NED"]
[Date "2012.12.15"]
[Round "5.5"]
[White "Van Dongen,C1"]
[Black "Roggeveen,P"]
[Result "1/2-1/2"]
[WhiteElo "2356"]
[BlackElo "2207"]

1.c4 e6 2.Nf3 d5 3.b3 Be7 4.Bb2 Bf6 5.d4 dxc4 6.bxc4 c5 7.e3 Nc6 8.Be2 Nge7
9.g4 cxd4 10.exd4 h6 11.Qd2 a6 12.h4 Ng6 13.h5 Nge7 14.a4 b6 15.Rh3 O-O 16.Na3 Qd6
17.Nc2 Rd8 18.Rd1 b5 19.cxb5 axb5 20.Bxb5 Bb7 21.Rg3 Na7 22.Bd3 Nac8 23.g5 hxg5
24.Nxg5 Nf5 25.h6 g6 26.h7+ Kg7 27.Rh3 Nce7 28.Ba3 Qd7 29.Bb5 Qd5 30.f3 Qb3
31.f4 Qd5 32.Bc5 Rh8 33.Nb4 Qd8 34.Nd3 Bxg5 35.fxg5 Rxh7 36.Rxh7+ Kxh7 37.Qh2+ Kg7
38.Qe5+ Kg8 39.Nf4 Nd5 40.Nxd5 Bxd5 41.Qf4 Qa5+ 42.Qd2 Qc7 43.Qf2 Qd8 44.Qf4 Qa5+
45.Qd2 Qc7 46.Qf2 Qd8 47.Qf4  1/2-1/2

[Event "XXIV Carlos Torre Magistral 2012"]
[Site "Merida MEX"]
[Date "2012.12.17"]
[Round "6.2"]
[White "Nogueiras Santiago,J"]
[Black "Ibarra Chami,L"]
[Result "0-1"]
[WhiteElo "2513"]
[BlackElo "2477"]

1.c4 e6 2.Nf3 d5 3.e3 Nf6 4.d4 Nbd7 5.Bd3 a6 6.a4 b6 7.O-O Bb7 8.Nc3 Bb4
9.Bd2 O-O 10.Nxd5 Nxd5 11.cxd5 Bxd2 12.Qxd2 Bxd5 13.Qc2 Bxf3 14.gxf3 Qg5+
15.Kh1 Qh5 16.Be2 c5 17.dxc5 bxc5 18.Rfd1 Ne5 19.Rg1 Nxf3 20.Rg2 Qd5 21.Qc3 Ne5
22.Rd1 Qe4 23.Qxc5 Rfd8 24.Rxd8+ Rxd8 25.Qc7 Qd5 26.h3 a5 27.Kh2 g6 28.Rg1 Rd7
29.Qb8+ Kg7 30.Rd1 Qc5 31.Rxd7 Nxd7 32.Qb5 Qxb5 33.Bxb5 Nc5 34.Kg3 Kf6 35.f4 e5
36.Kf3 g5 37.fxg5+ Kxg5 38.Kg3 Ne4+ 39.Kf3 Nc5 40.Kg3 f5 41.h4+ Kf6 42.Kf3 Ke6
43.Bc4+ Kd6 44.b3 Ne6 45.Ke2 Nc7 46.Bg8 h6 47.Bh7 f4 48.exf4 exf4 49.Kf3 Ke5
50.Bg8 Ne8 51.Bc4 Nd6 52.Bd3 Nf5 53.Kg4 Nd4 54.Kh5 Nxb3 55.Kxh6 Nc5 56.Bb5 Kf6
57.Kh5 Kf5 58.Kh6 f3 59.h5 Ne6 60.Kh7 Kg5 61.h6 f2 62.Bc4 Nd4  0-1

[Event "6th Augusta Aragon Open"]
[Site "Zaragoza ESP"]
[Date "2012.12.22"]
[Round "1.5"]
[White "Strikovic,A"]
[Black "Salas Latorre,J"]
[Result "1-0"]
[WhiteElo "2509"]
[BlackElo "1792"]

1.c4 e6 2.Nf3 d5 3.b3 Nf6 4.Bb2 Bd6 5.g3 Nbd7 6.Bg2 c6 7.d4 O-O 8.O-O Re8
9.Nbd2 dxc4 10.Nxc4 Bc7 11.Qc2 c5 12.dxc5 Nxc5 13.Rfd1 Ncd7 14.Rac1 Rb8 15.Nce5 Ba5
16.Ng5 g6 17.Ngxf7 Qe7 18.Nxd7 Nxd7 19.Nh6+ Kf8 20.Qe4 Bb6 21.Qf4+  1-0

[Event "XXIII Krakow Open"]
[Site "Krakow POL"]
[Date "2013.01.04"]
[Round "9.16"]
[White "Grinev,V"]
[Black "Borsos,B"]
[Result "1-0"]
[WhiteElo "2376"]
[BlackElo "2267"]

1.c4 e6 2.Nf3 d5 3.d4 dxc4 4.e4 a6 5.Bxc4 b5 6.Bd3 Bb7 7.O-O Nd7 8.a4 b4
9.Bg5 Be7 10.Bxe7 Nxe7 11.Nbd2 a5 12.Rc1 O-O 13.Nb3 Ba6 14.Bxa6 Rxa6 15.Qe2 Ra7
16.Rc2 c6 17.Qe3 Ra8 18.Rfc1 h6 19.Nc5 Nxc5 20.Rxc5 Ra6 21.Ne5 Qd6 22.Qd3 Rfa8
23.Qc4 R8a7 24.Kf1 Rb6 25.Ke2 b3 26.Qc3 Rb4 27.Nc4 Qxh2 28.g3 Qg2 29.Nd2 Rd7
30.Nf3 Rdxd4 31.Nxd4 Qxe4+ 32.Qe3 Rxd4 33.Rxa5 Rxa4 34.Ra8+ Kh7 35.Qxe4+ Rxe4+
36.Kd3 f5 37.Rc4 Re1 38.Rb4 Ng6 39.Rxb3 Ne5+ 40.Kd2 Re4 41.Rb7 Nc4+ 42.Kd3 Ne5+
43.Kc3 Rc4+ 44.Kb3 Rg4 45.Ra4 Rg6 46.Rd4 Ng4 47.Rd2 e5 48.Rf7 Nf6 49.Rd6 Ne4
50.Rxg6 Kxg6 51.Rc7 Nxf2 52.Rxc6+ Kf7 53.Kc4 e4 54.Kd4 Nd3 55.Rb6 g5 56.b4 h5
57.b5 Ke7 58.Rc6 Kd7 59.Rc4 Ne1 60.b6 Nf3+ 61.Kd5  1-0

[Event "16th Bad Zwesten Open"]
[Site "Bad Zwesten GER"]
[Date "2013.01.05"]
[Round "6.2"]
[White "Meijers,V"]
[Black "Mundorf,J"]
[Result "1-0"]
[WhiteElo "2479"]
[BlackElo "2174"]

1.c4 e6 2.Nf3 d5 3.b3 Nf6 4.Bb2 c6 5.g3 Bd6 6.Bg2 O-O 7.O-O Nbd7 8.d4 Ne4
9.a3 a5 10.Nbd2 f5 11.Qc2 Qe7 12.Rfc1 Ndf6 13.h3 Bd7 14.Nf1 Be8 15.Ne5 Bh5
16.c5 Bxe5 17.dxe5 Nd7 18.Bd4 f4 19.Bxe4 dxe4 20.Qxe4 Bg6 21.Qg2 Qg5 22.gxf4 Qxg2+
23.Kxg2 Rxf4 24.Bb2 Rb8 25.Ng3 b6 26.e3 Rff8 27.cxb6 Rxb6 28.Bd4 c5 29.Rxc5 Nxc5
30.Bxc5 Rxb3 31.Bxf8 Kxf8 32.Ne2 Rb5 33.Nf4 Rxe5 34.Nxg6+ hxg6 35.Rd1 Ke7
36.Rd4 g5 37.a4 Kf6  1-0

[Event "Margaryan Mem 2013"]
[Site "Yerevan ARM"]
[Date "2013.01.08"]
[Round "1.4"]
[White "Gabuzyan,H"]
[Black "Harutyunian,T"]
[Result "1/2-1/2"]
[WhiteElo "2525"]
[BlackElo "2358"]

1.c4 e6 2.Nf3 d5 3.g3 Nf6 4.Bg2 dxc4 5.Qa4+ Nbd7 6.Qxc4 a6 7.Qc2 c5 8.O-O b6
9.d4 Bb7 10.Nc3 Rc8 11.Rd1 b5 12.Bg5 cxd4 13.Rxd4 Bc5 14.Bxf6 gxf6 15.Rd2 b4
16.Rad1 Rc7 17.Na4 Bxf2+ 18.Kxf2 Rxc2 19.Rxc2 Qb8 20.Rd4 a5 21.e3 Ne5 22.Nxe5 fxe5
23.Rdc4 O-O 24.Nc5 Bxg2 25.Kxg2 Qa8+ 26.e4 Rd8 27.Nd7 f5 28.Nxe5 fxe4 29.Kh3 Qd5
30.Rc5 Qd1 31.Ng4 Rd5 32.Rc8+ Kg7 33.Kh4 e3 34.R2c7+ Rd7 35.Rd8 Qxg4+ 36.Kxg4 Rxc7
37.Kf3 Rc2 38.Ra8 e2 39.Kf2 Rxb2 40.Rxa5 Kf6 41.a3 b3 42.Rb5 e5 43.a4 Rb1
44.Kxe2 b2 45.Kd3 e4+ 46.Kc2 e3 47.Kxb1 e2 48.Rb6+  1/2-1/2

[Event "5th Chennai Open 2013"]
[Site "Chennai IND"]
[Date "2013.01.18"]
[Round "2"]
[White "Narayanan,SL"]
[Black "Harsha,B"]
[Result "1-0"]
[WhiteElo "2397"]
[BlackElo "2063"]

1.c4 e6 2.Nf3 d5 3.d4 c6 4.Nbd2 f5 5.g3 Bd6 6.Bg2 Nf6 7.O-O Nbd7 8.Ne1 O-O
9.Nd3 Qe7 10.b3 b6 11.Bb2 Bb7 12.Rc1 c5 13.cxd5 exd5 14.Nf3 Ne4 15.e3 Rad8
16.Re1 Qf7 17.Qc2 Rfe8 18.Red1 Ba8 19.Nf4 g5 20.dxc5 bxc5 21.Ne2 Ndf6 22.Nc3 h6
23.Nb5 Bb8 24.Nd2 a6 25.Nxe4 fxe4 26.Nc3 Bc6 27.Rd2 d4 28.exd4 cxd4 29.Nd1 e3
30.Bxc6 exd2 31.Bxe8 Rxe8 32.Qxd2 Ne4 33.Qxd4 Be5 34.Qc4 Qxc4 35.bxc4 Bxb2
36.Nxb2 Nc5 37.Kf1 Rb8 38.Rc2 g4 39.Nd1 Kf7 40.Ne3 h5 41.Ke2 Rb1 42.Nd1 Ke6
43.Rc3 Ra1 44.Re3+ Kf5 45.Ra3 Ke6 46.Nb2 Rh1 47.Nd3 Kd6 48.Ra5 Nxd3 49.Rxa6+ Kc5
50.Kxd3 Rxh2 51.Ra5+ Kc6 52.Ke3 Rh1 53.Rf5 h4 54.gxh4 Rxh4 55.Kf4 g3+ 56.Kxg3 Rxc4
57.Ra5 Kd6 58.f4 Ke6 59.Kg4 Kf6 60.Ra6+ Kf7 61.Kg5 Rc5+ 62.f5 Rc1 63.Ra7+ Kf8
64.Kg6 Rg1+ 65.Kf6 Ke8 66.Ra8+ Kd7 67.Kf7 Rf1 68.f6 Rf2 69.Ra4 Kd8 70.Rd4+ Kc7
71.a4  1-0

[Event "5th Chennai Open 2013"]
[Site "Chennai IND"]
[Date "2013.01.18"]
[Round "6"]
[White "Prakash,G"]
[Black "Murshed,N"]
[Result "1/2-1/2"]
[WhiteElo "2266"]
[BlackElo "2476"]

1.c4 e6 2.Nf3 d5 3.g3 Nf6 4.Bg2 dxc4 5.Qa4+ Nbd7 6.O-O a6 7.Qxc4 c5 8.d3 b5
9.Qc2 Bb7 10.a4 Be7 11.Nc3 Bc6 12.Nh4 Bxg2 13.Nxg2 Rb8 14.axb5 axb5 15.Bf4 Rb7
16.e4 O-O 17.Qe2 Nb8 18.Bxb8 Qxb8 19.e5 Nd7 20.f4 Rb6 21.Ne3 Qb7 22.Qg2 Nb8
23.Qxb7 Rxb7 24.Ra5 Rd8 25.Rd1 b4 26.Ne4 Nc6 27.Ra6 Nd4 28.Nc4 h5  1/2-1/2

[Event "PSC Cup 2013"]
[Site "Manila PHI"]
[Date "2013.01.19"]
[Round "8.8"]
[White "De Ramos,Ju"]
[Black "Nadera,B"]
[Result "1/2-1/2"]
[WhiteElo "2350"]
[BlackElo "2392"]

1.c4 e6 2.Nf3 d5 3.g3 Nf6 4.b3 Nbd7 5.Bb2 a5 6.Bg2 a4 7.Na3 c6 8.O-O Be7
9.d3 O-O 10.Nc2 b6 11.Nfd4 Bb7 12.cxd5 Nxd5 13.b4 c5 14.bxc5 Nxc5 15.Qd2 Qd7
16.Rab1 Rfc8 17.Ba1 Ra6 18.Rfc1 h6 19.e4 Nc7 20.Nb4 Raa8 21.Nf3 Ne8 22.Ne5 Qd8
23.Qf4 Nf6 24.d4 Ncd7 25.Nec6 Qf8 26.Nxe7+ Qxe7 27.a3 Ne8 28.Bf1 Nd6 29.Bd3 Ne8
30.f3 Qd8 31.Bb5 Qe7 32.Rxc8 Bxc8 33.Rc1 Bb7 34.Bb2 Ndf6 35.Rc2 Qf8 36.Qc1 Qe7
37.Qd1 Nd6 38.Bd3 Nfe8 39.e5 Nc8 40.Be4 Na7 41.Qd3 Qd7 42.Kg2 Rb8 43.d5 exd5
44.Nxd5 Rd8 45.Rd2 Bxd5 46.Bxd5 Kh8 47.Bc3 Nc7 48.Be4 Qxd3 49.Rxd3 Rxd3 50.Bxd3 Ne6
51.f4 Kg8 52.f5 Nc5 53.Bc4 Kf8 54.Kf3 Ke7 55.f6+ Kf8 56.fxg7+ Kg8 57.Kg4 Nc6
58.Kh5 Kxg7 59.e6+ f6 60.Bd2 Kf8 61.Bxh6+ Ke7 62.Be3 Ne5 63.Ba2 Nb3 64.Bxb6 Kxe6
65.Bc5 Kd5 66.Be7 Ke6 67.Bb4 Nf3 68.h4 Ne5 69.g4 Kf7 70.g5 Nd3 71.Kh6 Nf4
72.Bd6 fxg5 73.hxg5 Ne6 74.Be5 Nf8 75.Bc3 Ne6 76.g6+ Kg8 77.g7 Nd8 78.Bb1 Nf7+
79.Kg6 Nc5 80.Ba2 Nb3 81.Bf6 Nd6 82.Kh6 Nf5+ 83.Kg6 Nxg7 84.Bxb3+ axb3 85.Bxg7 b2
86.Bxb2 Kf8 87.a4 Ke8 88.a5 Kd8 89.Be5 Kd7 90.a6 Kc6 91.Bd4  1/2-1/2

[Event "TCh-CZE Div1 Vychod 2012-13"]
[Site "Czech Republic CZE"]
[Date "2013.01.27"]
[Round "6.6"]
[White "Kubos,R"]
[Black "Olsar,J"]
[Result "1/2-1/2"]
[WhiteElo "2215"]
[BlackElo "2233"]

1.c4 e6 2.Nf3 d5 3.d4 Nf6 4.g3 dxc4 5.Bg2 c5 6.O-O Nc6 7.Qa4 Bd7 8.Qxc4 Qb6
9.dxc5 Bxc5 10.Nc3 Be7 11.Be3 Qa5 12.Rfd1 O-O 13.Rac1 Rac8 14.Qb5 Qxb5 15.Nxb5 Nd5
16.Nxa7 Ra8 17.Nxc6 Bxc6 18.Bc5 Bxc5 19.Rxc5 Rxa2 20.Nd4 Rxb2 21.Nxc6 bxc6
22.Rxc6 Rxe2 23.Bxd5  1/2-1/2

[Event "18th HIT Open A 2013"]
[Site "Nova Gorica SLO"]
[Date "2013.01.27"]
[Round "5.2"]
[White "Tratar,M"]
[Black "Milenkovic,Ml"]
[Result "1/2-1/2"]
[WhiteElo "2517"]
[BlackElo "2393"]

1.Nf3 e6 2.c4 d5 3.g3 dxc4 4.Qa4+ Nd7 5.Qxc4 a6 6.Bg2 b5 7.Qc6 Rb8 8.O-O Bb7
9.Qc2 Ngf6 10.d3 c5 11.a4 Bd6 12.axb5 axb5 13.Bd2 O-O  1/2-1/2

[Event "ch-HUN U20 g 2013"]
[Site "Budapest HUN"]
[Date "2013.02.07"]
[Round "5.2"]
[White "Terbe,J"]
[Black "Gal,Han"]
[Result "1/2-1/2"]
[WhiteElo "1933"]
[BlackElo "2060"]

1.c4 e6 2.Nf3 d5 3.d4 c5 4.cxd5 exd5 5.Nc3 Nc6 6.g3 Be7 7.dxc5 d4 8.Ne4 Bf5
9.Nd6+ Bxd6 10.cxd6 Qxd6 11.Bg2 Nf6 12.O-O O-O 13.Qb3 Qd7 14.Rd1 h6 15.Be3 Na5
16.Qb4 Nc6 17.Qa4 Rfe8 18.Nxd4 Nxd4 19.Rxd4 Qe7 20.Rc1 Red8 21.Rxd8+ Rxd8
22.Qxa7 Qd7 23.Qa5 Re8 24.Bxb7 Qxb7 25.Qxf5 Qxb2 26.Qc2 Qa3 27.Rb1 Qa5 28.Bd4 Ne4
29.f3 Ng5 30.Kg2 Qa6 31.Rb2 Qe6 32.g4 Qd6 33.Bf2 Ne6 34.Bg3 Qa6 35.Qd2 Rd8
36.Qe3 Qa8 37.Rd2 Re8 38.Qc3 Rc8 39.Qe3 Re8 40.Qc3 Rc8 41.Qa1 Qa5 42.Rb2 Qc3
43.Qb1 Qe3 44.Qd3 Qa7 45.a3 Ra8 46.Ra2 Qa4 47.Qc3 Nd4 48.Be1 Rb8 49.Bf2 Ne6
50.Bg3 Ra8 51.Bd6 Qa6 52.Bb4 Rc8 53.Qe3 Qc4 54.Qd2 Rd8 55.Qc2 Qd4 56.Qc1 Qe5
57.Rd2 Nf4+ 58.Kf1 Re8 59.e4 Qb5+ 60.Kf2 Nd3+ 61.Rxd3 Qxd3 62.Qe3 Qc2+ 63.Kg3 Rd8
64.Qc3 Qd1 65.Qe1 Qb3 66.Qc3 Qd1 67.Qe1 Qb3 68.Qc3  1/2-1/2

[Event "Novy Bor Open A 2013"]
[Site "Novy Bor CZE"]
[Date "2013.02.09"]
[Round "1"]
[White "Wasik,Joz"]
[Black "Vrana,J"]
[Result "0-1"]
[WhiteElo "1828"]
[BlackElo "2275"]

1.c4 e6 2.Nf3 d5 3.g3 dxc4 4.Bg2 Nf6 5.O-O Nbd7 6.Qc2 a6 7.a4 Rb8 8.Qxc4 b5
9.axb5 axb5 10.Qc2 c5 11.d3 Bd6 12.Na3 O-O 13.b3 Qb6 14.Bb2 Bb7 15.e4 Be7
16.h3 Rbc8 17.Qe2 Rfd8 18.Rfd1 Bc6 19.Nd2 Nf8 20.Nc2 N6d7 21.d4 Bb7 22.dxc5 Bxc5
23.Ne3 Bxe3 24.Qxe3 Qxe3 25.fxe3 Rc2 26.Bc1 Ne5 27.Ra7 Bc6 28.Ra1 h5 29.Kf1 b4
30.Ke1 Nd3+ 31.Ke2 Bb5  0-1

[Event "77th ch-BUL SF 2013"]
[Site "Plovdiv BUL"]
[Date "2013.02.14"]
[Round "5.11"]
[White "Janchev,P"]
[Black "Nikolov,J"]
[Result "0-1"]
[WhiteElo "2177"]
[BlackElo "2092"]

1.c4 e6 2.Nf3 d5 3.d4 Nf6 4.e3 dxc4 5.Bxc4 a6 6.a4 c5 7.Nc3 Nc6 8.O-O Qc7
9.Qe2 b6 10.d5 exd5 11.Nxd5 Nxd5 12.Bxd5 Bb7 13.e4 O-O-O 14.Bd2 a5 15.Bc3 f6
16.Rac1 Bd6 17.Qc4 Rhe8 18.g3 Kb8 19.Rfe1 Ka7 20.Re3 Ba6 21.Qb3 Ne5 22.Nxe5 Bxe5
23.Kg2 Bxc3 24.Qxc3 f5 25.Rce1 fxe4 26.Bxe4 Rd4 27.Bf3 Red8 28.Re8 Rxe8 29.Rxe8 Bb7
30.Qe3 Rd7 31.h4 c4 32.h5 Rd3 33.Re7 Bxf3+ 34.Kh2 Rxe3 35.Rxc7+ Kb8 36.Rxg7 Re2
37.Rxh7 Rxf2+ 38.Kh3 Rxb2 39.h6 Be4 40.Re7 Bd3 41.Re3 Rb1 42.Kg2 Rb2+ 43.Kh3 Rf2
44.g4 b5 45.g5 Bf5+ 46.Kg3 Rf1 47.Re5 c3 48.Rxb5+ Ka7 49.Rxa5+ Kb6 50.Rb5+ Kc6
51.Rb3 c2 52.Rc3+ Kb6 53.a5+ Kb5 54.a6 Kxa6 55.Kg2 c1=Q 56.Rxc1 Rxc1 57.Kf3 Rc4  0-1

[Event "ch-ROU 2013"]
[Site "Baile Olanesti ROU"]
[Date "2013.02.17"]
[Round "2.11"]
[White "Grecescu,G"]
[Black "Kutnik,A"]
[Result "1-0"]
[WhiteElo "2391"]
[BlackElo "2142"]

1.c4 e6 2.Nf3 d5 3.b3 Nf6 4.Bb2 c5 5.e3 Nc6 6.cxd5 exd5 7.Bb5 Bd6 8.O-O O-O
9.d4 cxd4 10.Bxc6 bxc6 11.Qxd4 c5 12.Qd3 Bb7 13.Nbd2 Qe7 14.Qf5 Qe6 15.Qxe6 fxe6
16.Rfe1 Rac8 17.Rac1 h6 18.Be5 Be7 19.Bb2 Rfd8 20.Ne5 Bd6 21.Rc2 Rc7 22.h3 Nd7
23.Nxd7 Rdxd7 24.Rec1 Rd8 25.Nf3 Ba6 26.Be5 Bxe5 27.Nxe5 Rdc8 28.Rc3 Kf8
29.b4 c4 30.Ra3 Bb5 31.Ra5 Be8 32.Nf3 Rb8 33.Nd4 Ke7 34.a3 Kd6 35.f4 e5 36.fxe5+ Kxe5
37.Rd1 Rd8 38.Kf2 Rd6 39.Ke2 c3 40.Rc1 a6 41.Rc5 Rf7 42.R1xc3 Rg6 43.Nf3+ Ke4
44.R3c4+ Kf5 45.Rxd5+  1-0

[Event "Iceland-China Friendly Match"]
[Site "Reykjavik ISL"]
[Date "2013.02.17"]
[Round "9.4"]
[White "Kjartansson,G"]
[Black "Bu Xiangzhi"]
[Result "1/2-1/2"]
[WhiteElo "2430"]
[BlackElo "2675"]

1.c4 e6 2.Nf3 d5 3.g3 Nf6 4.Bg2 Be7 5.O-O O-O 6.d4 dxc4 7.Qc2 a6 8.Qxc4 b5
9.Qc2 Bb7 10.Bd2 Be4 11.Qc1 Bb7 12.Bf4 Nd5 13.Nc3 Nxf4 14.Qxf4 Qd6 15.Ne5 Bxg2
16.Kxg2 Nd7 17.Nxd7 Qxd7 18.Rfd1 Rfd8 19.Rac1 Rac8 20.Qf3 c6 21.e3 h6 22.Rc2 Rc7
23.b3 Bb4 24.Ne4 Qd5 25.Nc5 Bxc5 26.Rxc5 Qxf3+ 27.Kxf3 Rd5 28.e4 Rd8 29.Ke3 Kf8
30.Rdc1 Rdc8 31.f4 Ke7 32.h4 Kd6 33.h5 Re8 34.g4 Rh8 35.Kd3 Rg8 36.Ke3 Rh8
37.Rb1 Rb8 38.a3 Rh8 39.Rbc1 Rg8 40.Kf3 Rh8 41.R1c2 Rd8 42.Ke3 Rh8 43.Rg2 Re7
44.Kd3 Rc7 45.Kc3 Rd7 46.Rc2 Rhd8 47.Rd2 Kc7 48.g5 Kb6 49.f5 hxg5 50.fxe6 fxe6
51.Rxg5 Rf8 52.Rd3 Rf4 53.Re5 Rd6 54.Rg3 a5 55.Kd3 Rf1 56.Ke3 Re1+ 57.Kf4 Rf1+
58.Ke3 Re1+ 59.Kf4 Rf1+ 60.Ke3 Re1+  1/2-1/2

[Event "ch-ROU 2013"]
[Site "Baile Olanesti ROU"]
[Date "2013.02.18"]
[Round "4.3"]
[White "Toma,Ra"]
[Black "Parligras,M"]
[Result "0-1"]
[WhiteElo "2219"]
[BlackElo "2633"]

1.c4 e6 2.Nf3 d5 3.cxd5 exd5 4.d4 c6 5.Bf4 Bf5 6.Qb3 Qb6 7.Nbd2 Nf6 8.e3 Nbd7
9.Be2 Be7 10.O-O O-O 11.h3 Ne4 12.Bd3 Nxd2 13.Qxb6 Nxb6 14.Bxf5 Nxf1 15.Kxf1 Nc4
16.b3 Nd6 17.Bd3 Ne4 18.Ne1 Rfd8 19.f3 Ng5 20.Bh2 Bd6 21.Bxd6 Rxd6 22.h4 Ne6
23.f4 Re8 24.Kf2 Nf8 25.f5 h5 26.Nf3 Nd7 27.Rc1 Rf6 28.Ng5 g6 29.Nh3 Kg7
30.Nf4 Kh6 31.Kf3 gxf5 32.Rc3 Nf8 33.g3 Ne6 34.Ne2 Kg7 35.b4 Rg6 36.Ra3 a6
37.Rb3 Kf6 38.a4 Rgg8 39.a5 Re7 40.Rc3 Rb8 41.Bc2 Rc7 42.Ba4 b6 43.Rxc6 Rxc6
44.Bxc6 bxa5 45.bxa5 Rb3 46.Bxd5 Ra3 47.Bc4 Rxa5 48.d5 Nc5 49.d6 Nd7 50.Bb3 Ne5+
51.Kf4 Ra1  0-1

[Event "ch-CHI Final 2013"]
[Site "Iquique CHI"]
[Date "2013.02.21"]
[Round "9.3"]
[White "Avalos Parra,J"]
[Black "Abarca Gonzalez,N"]
[Result "1-0"]
[WhiteElo "2181"]
[BlackElo "2228"]

1.c4 e6 2.Nf3 d5 3.g3 c6 4.Bg2 Bd6 5.O-O f5 6.d3 Nf6 7.Nc3 O-O 8.e4 dxe4
9.dxe4 Bc5 10.Qe2 Na6 11.a3 Bd7 12.b4 Bb6 13.e5 Ne8 14.c5 Bc7 15.Bg5 Qc8
16.Rad1 h6 17.Be7 Rf7 18.Bd6 Bd8 19.Nd4 g6 20.f4 Nac7 21.Rc1 Ng7 22.Rfe1 g5
23.Kh1 h5 24.b5 cxb5 25.c6 bxc6 26.Nxc6 Bxc6 27.Bxc6 Rb8 28.Nxb5 Qa6 29.Nxc7 Qxe2
30.Rxe2 Bxc7 31.fxg5 Bxd6 32.exd6 f4 33.d7 Rd8 34.g6 Rff8 35.gxf4 Rxf4 36.Bb5 a6
37.Rc8 Rff8 38.Rec2 e5 39.Rxd8 Rxd8 40.Rc8  1-0